[Event "Kieler Open 2015 Gruppe B"]
[Site "Kiel"]
[Date "2015.07.25"]
[Round "1.1"]
[White "Westphal-Stubbe, Siegbert"]
[Black "Untiedt, Urs Arved"]
[Result "0-1"]
[WhiteElo "1822"]
[BlackElo "1501"]
[PlyCount "62"]
[EventDate "2015.??.??"]
[WhiteTeam "SG Plöner See"]
[BlackTeam "Agon NMS"]

1. e4 c5 2. f4 d6 3. Nf3 Nc6 4. Bb5 Bd7 5. c4 g6 6. Nc3 Bg7 7. O-O a6 8. Bxc6
Bxc6 9. d4 cxd4 10. Nxd4 Nh6 11. Nxc6 Qb6+ 12. Kh1 Qxc6 13. Qa4 Bxc3 14. Qxc6+
bxc6 15. bxc3 O-O 16. h3 f5 17. Re1 fxe4 18. g4 d5 19. cxd5 cxd5 20. Be3 Rfc8
21. Rac1 Rc4 22. f5 Nf7 23. fxg6 hxg6 24. Bd4 Rac8 25. Rb1 e5 26. Bg1 Rxc3 27.
Rb6 Kg7 28. Rxa6 Rxh3+ 29. Kg2 Rcc3 30. Bh2 Rh4 31. Ra7 Rc2+ 0-1

[Event "Kieler Open 2015 Gruppe B"]
[Site "Kiel"]
[Date "2015.07.25"]
[Round "1.2"]
[White "Dao, Joerg"]
[Black "Plichta, Rainer"]
[Result "0-1"]
[WhiteElo "1465"]
[BlackElo "1811"]
[PlyCount "88"]
[EventDate "2015.??.??"]
[WhiteTeam "vereinslos"]
[BlackTeam "Kiel"]

1. h4 Nf6 2. d4 d5 3. f3 h5 4. Be3 Bf5 5. Bf2 Nbd7 6. e3 e5 7. c3 c5 8. Ne2
cxd4 9. exd4 e4 10. Qb3 Qb6 11. Nd2 Bd6 12. Be3 exf3 13. gxf3 Qxb3 14. Nxb3 Nb6
15. Nf4 O-O-O 16. a4 Rde8 17. Kf2 Rxe3 18. Kxe3 Re8+ 19. Kf2 Bxf4 20. Bb5 Bd7
21. Rhe1 a6 22. Rxe8+ Nxe8 23. Bxd7+ Nxd7 24. Re1 Kd8 25. Na5 Nd6 26. b4 Bd2
27. Rg1 g6 28. Rb1 Nb6 29. Rb3 Nxa4 30. Ke2 Bxc3 31. Ra3 b5 32. Kd3 Be1 33. Rb3
Kd7 34. Rb1 Bxh4 35. Nb3 Bd8 36. Nc5+ Nxc5+ 37. dxc5 Nc4 38. Kd4 Kc6 39. Re1
Bf6+ 40. Kd3 h4 41. Re8 h3 42. Re1 h2 43. f4 Bh4 44. Ke2 Bxe1 0-1

[Event "Kieler Open 2015 Gruppe B"]
[Site "Kiel"]
[Date "2015.07.25"]
[Round "1.3"]
[White "Salwasser, Christian"]
[Black "Mc Donald, Margret"]
[Result "1-0"]
[WhiteElo "1772"]
[BlackElo "1279"]
[PlyCount "101"]
[EventDate "2015.??.??"]
[WhiteTeam "SC Rastatt"]
[BlackTeam "Tour Blanche Paris"]

1. e4 e5 2. Nf3 Nf6 3. Nxe5 d6 4. Nf3 Nxe4 5. Qe2 Qe7 6. Nc3 Nxc3 7. dxc3 Qxe2+
8. Bxe2 Be7 9. O-O O-O 10. h3 Bd7 11. Re1 Re8 12. Bc4 b5 13. Bd5 c6 14. Bb3 Na6
15. Bg5 Bxg5 16. Nxg5 d5 17. a3 h6 18. Nf3 Nc5 19. Ba2 Ne6 20. Rad1 Red8 21. b3
Bc8 22. Ne5 Bb7 23. c4 a6 24. cxd5 cxd5 25. c4 d4 26. cxb5 axb5 27. b4 Bd5 28.
Bxd5 Rxd5 29. Nf3 Kf8 30. Re5 Rad8 31. Rxd5 Rxd5 32. Nd2 Ke7 33. Kf1 f5 34. Ke1
Re5+ 35. Kf1 Ng5 36. f4 Re3 37. fxg5 hxg5 38. Re1 Rxe1+ 39. Kxe1 d3 40. Nb3 Ke6
41. Kd2 Ke5 42. Kxd3 Kf4 43. Ke2 Kg3 44. Kf1 Kh2 45. Nd4 f4 46. Nf3+ Kh1 47.
Nxg5 f3 48. gxf3 g6 49. Ne4 Kh2 50. Nc3 Kxh3 51. Kf2 1-0

[Event "Kieler Open 2015 Gruppe B"]
[Site "Kiel"]
[Date "2015.07.25"]
[Round "1.4"]
[White "Bahr, Arne"]
[Black "Degenhardt, Andreas"]
[Result "1/2-1/2"]
[WhiteElo "1676"]
[BlackElo "1762"]
[PlyCount "52"]
[EventDate "2015.??.??"]
[WhiteTeam "SG Turm Kiel"]
[BlackTeam "SC Lorsch"]

1. f4 d5 2. e3 Nf6 3. Nf3 e6 4. b3 Nbd7 5. Bb2 b6 6. Bd3 Bb7 7. O-O Bd6 8. Nc3
a6 9. Ne2 Qe7 10. Ng3 h6 11. Ne5 Nc5 12. Be2 Rg8 13. Bf3 O-O-O 14. Qe2 Kb8 15.
a4 Ncd7 16. Rfb1 c5 17. c4 Rc8 18. d3 g5 19. Nxd7+ Nxd7 20. Nh5 gxf4 21. exf4
d4 22. Bxb7 Kxb7 23. Qf3+ Ka7 24. a5 Rb8 25. axb6+ Rxb6 26. Ra3 Nf6 1/2-1/2

[Event "Kieler Open 2015 Gruppe B"]
[Site "Kiel"]
[Date "2015.07.25"]
[Round "1.5"]
[White "Petersen, Kay"]
[Black "Kathage, Holger"]
[Result "1/2-1/2"]
[WhiteElo "1758"]
[BlackElo "1650"]
[PlyCount "66"]
[EventDate "2015.??.??"]
[WhiteTeam "Heikendorfer SV"]
[BlackTeam "Kiel"]

1. d4 Nf6 2. c4 d5 3. Bf4 c6 4. e3 e6 5. Bd3 Bd6 6. Bxd6 Qxd6 7. c5 Qc7 8. Nf3
Nbd7 9. O-O e5 10. Bf5 e4 11. Nfd2 Nf8 12. Bxc8 Rxc8 13. f3 exf3 14. Nxf3 Ng6
15. Nbd2 O-O 16. Qc2 Rce8 17. Rae1 Qd7 18. e4 dxe4 19. Nxe4 Nxe4 20. Rxe4 Rxe4
21. Qxe4 Re8 22. Qd3 Qd5 23. a3 Nf4 24. Qd1 Re2 25. Rf2 Rxf2 26. Kxf2 Qe4 27.
b4 g5 28. h3 h5 29. Qd2 g4 30. hxg4 hxg4 31. Ne1 f5 32. Qe3 Qxe3+ 33. Kxe3 Nd5+
1/2-1/2

[Event "Kieler Open 2015 Gruppe B"]
[Site "Kiel"]
[Date "2015.07.25"]
[Round "1.6"]
[White "Kaiser, Johannes"]
[Black "Feldmann, Wolfgang"]
[Result "1-0"]
[WhiteElo "1631"]
[BlackElo "1715"]
[PlyCount "45"]
[EventDate "2015.??.??"]
[WhiteTeam "SG Kiel-Ost"]
[BlackTeam "Heikendorfer SV"]

1. e4 e6 2. d4 d5 3. Nc3 Bb4 4. e5 c6 5. Qg4 g6 6. a3 Qa5 7. Qh3 Ne7 8. Ra2
Bxc3+ 9. bxc3 Nf5 10. Bd2 Qb6 11. Ne2 Nd7 12. g4 Ne7 13. Bg2 c5 14. O-O cxd4
15. cxd4 Nc6 16. Be3 Ne7 17. Bg5 Nc6 18. Rd1 O-O 19. Bf6 Nxf6 20. exf6 Kh8 21.
Qh6 Rg8 22. Rd3 Nxd4 23. Nxd4 1-0

[Event "Kieler Open 2015 Gruppe B"]
[Site "Kiel"]
[Date "2015.07.25"]
[Round "1.7"]
[White "Lehmkau, Steffen"]
[Black "Draasch, Heiko"]
[Result "0-1"]
[WhiteElo "1715"]
[BlackElo "1618"]
[PlyCount "88"]
[EventDate "2015.??.??"]
[WhiteTeam "Mülheim-Nord"]
[BlackTeam "SG Turm Kiel"]

1. d4 f5 2. c4 b6 3. Nf3 Nf6 4. Nc3 e6 5. a3 Bb7 6. Bf4 d6 7. h3 h6 8. e3 Be7
9. Bd3 O-O 10. O-O Ne4 11. Nd2 Nxc3 12. bxc3 Nd7 13. Qh5 Qe8 14. Be2 Nf6 15.
Qxe8 Raxe8 16. Bf3 Bxf3 17. Nxf3 Ne4 18. Rfc1 g5 19. Bh2 g4 20. Ne1 gxh3 21.
gxh3 Nd2 22. c5 Nb3 23. Nd3 Nxc1 24. Rxc1 Kh7 25. Nf4 Rg8+ 26. Kf1 Bf6 27. Nh5
Be7 28. Nf4 Bf8 29. Nh5 Rg6 30. Nf4 Rg5 31. h4 Rg7 32. Ke2 dxc5 33. Nh5 Rf7 34.
Be5 Be7 35. Rg1 Rg8 36. Rxg8 Kxg8 37. Nf4 Bd6 38. Bxd6 cxd6 39. Nxe6 Re7 40. d5
b5 41. Kf3 a5 42. Nd8 b4 43. axb4 axb4 44. Nc6 Rb7 0-1

[Event "Kieler Open 2015 Gruppe B"]
[Site "Kiel"]
[Date "2015.07.25"]
[Round "1.8"]
[White "Birkholz, Frank"]
[Black "Schmieder, Kerstin"]
[Result "1/2-1/2"]
[WhiteElo "1571"]
[BlackElo "1700"]
[PlyCount "93"]
[EventDate "2015.??.??"]
[WhiteTeam "Kieler SG"]
[BlackTeam "Rodewischer Schachmiezen"]

1. e4 e5 2. Nf3 Nc6 3. Bc4 Bc5 4. c3 Nf6 5. d4 exd4 6. cxd4 Bb4+ 7. Bd2 O-O 8.
Bxb4 Nxb4 9. e5 Ng4 10. h3 Nh6 11. O-O d5 12. Bb3 Be6 13. Nc3 Rc8 14. a3 Nc6
15. Rc1 Nf5 16. Bc2 Nce7 17. Qd3 Ng6 18. Qb5 Nfh4 19. Nxh4 Nxh4 20. Qd3 Ng6 21.
f4 Bd7 22. f5 Nh4 23. Qg3 c5 24. Rf4 cxd4 25. Nxd5 Kh8 26. Qxh4 Qxh4 27. Rxh4
d3 28. Ne7 Rxc2 29. Rxc2 dxc2 30. Rc4 Re8 31. f6 Ba4 32. Kf2 h6 33. fxg7+ Kxg7
34. Nf5+ Kg6 35. Nd4 Rd8 36. Ke3 Re8 37. Nxc2 Rxe5+ 38. Kf4 Rf5+ 39. Ke3 Bb5
40. Rg4+ Kh5 41. Nd4 Rd5 42. Nxb5 Rxb5 43. b4 Rd5 44. Rf4 Kg6 45. Rg4+ Kf5 46.
Rh4 Kg6 47. Rc4 1/2-1/2

[Event "Kieler Open 2015 Gruppe B"]
[Site "Kiel"]
[Date "2015.07.25"]
[Round "1.9"]
[White "Weck, Uwe"]
[Black "Kaltschmidt, Andreas"]
[Result "1-0"]
[WhiteElo "1697"]
[BlackElo "1535"]
[PlyCount "43"]
[EventDate "2015.??.??"]
[WhiteTeam "Kaltenkirchen"]
[BlackTeam "Weiden"]

1. e4 e5 2. Nf3 Nf6 3. Bc4 Be7 4. O-O O-O 5. Re1 d6 6. d4 Bg4 7. dxe5 Bxf3 8.
Qxf3 dxe5 9. Bg5 Qd4 10. Bxf6 Bxf6 11. Qb3 Nd7 12. c3 Qc5 13. Nd2 Nb6 14. Qb5
Qd6 15. Rad1 c6 16. Qb3 Qc5 17. Be2 Rad8 18. Qc2 Qe7 19. c4 Rd7 20. Bg4 Rd4 21.
c5 Rfd8 22. cxb6 1-0

[Event "Kieler Open 2015 Gruppe B"]
[Site "Kiel"]
[Date "2015.07.25"]
[Round "1.10"]
[White "Behrendt, Matthias"]
[Black "Wichmann, Gerd"]
[Result "1-0"]
[WhiteElo "1501"]
[BlackElo "1689"]
[PlyCount "100"]
[EventDate "2015.??.??"]
[WhiteTeam "Agon NMS"]
[BlackTeam "VHS Rendsburg"]

1. g3 d5 2. Bg2 Nf6 3. d3 Bg4 4. c4 e6 5. Nc3 c6 6. Bg5 Be7 7. Qb3 Qb6 8. Be3
Qxb3 9. axb3 a6 10. h3 Bf5 11. Nf3 h6 12. O-O Nbd7 13. d4 Bb4 14. Ra4 a5 15.
Ne5 Nb6 16. Raa1 Bc2 17. Nd3 O-O 18. c5 Nbd7 19. Na2 Bxd3 20. exd3 b6 21. Nxb4
axb4 22. cxb6 Rab8 23. Ra6 Rfc8 24. Bd2 Nxb6 25. Rc1 Nfd7 26. Bxb4 Ra8 27. Rxa8
Rxa8 28. Rxc6 Ra1+ 29. Bf1 Ra8 30. Bc5 Rb8 31. Bd6 Ra8 32. Ba3 Rb8 33. Be2 Rb7
34. Bd1 Nb8 35. Rd6 N8d7 36. Rc6 Nb8 37. Rc3 N8d7 38. Bc5 Ra7 39. Rc1 Rc7 40.
b4 e5 41. dxe5 Nxe5 42. Rc2 Nbd7 43. Rc3 Rb7 44. d4 Nxc5 45. Rxc5 Rxb4 46. dxe5
Rxb2 47. Rxd5 Kf8 48. Kg2 Ke7 49. Bg4 Rb1 50. Rd7+ Ke8 1-0

[Event "Kieler Open 2015 Gruppe B"]
[Site "Kiel"]
[Date "2015.07.25"]
[Round "1.11"]
[White "Sowa, Kay"]
[Black "Bunke, Mike"]
[Result "1-0"]
[WhiteElo "1689"]
[BlackElo "1453"]
[PlyCount "51"]
[EventDate "2015.??.??"]
[WhiteTeam "Doppelbauer Kiel"]
[BlackTeam "Schleswiger SV"]

1. d4 Nf6 2. c4 g6 3. Nc3 Bg7 4. e4 d6 5. Nf3 O-O 6. Be2 b6 7. O-O Bb7 8. d5
Nbd7 9. Bg5 Nc5 10. Qc2 Qd7 11. Rab1 a5 12. a3 a4 13. Nd2 e6 14. Be3 exd5 15.
Bxc5 dxc5 16. cxd5 c6 17. Nxa4 Qc7 18. d6 Qxd6 19. Nxb6 Rad8 20. Rfd1 Qf4 21.
Bf3 Ng4 22. Bxg4 Qxg4 23. Nf3 Bd4 24. b4 Qh5 25. Na4 f5 26. bxc5 1-0

[Event "Kieler Open 2015 Gruppe B"]
[Site "Kiel"]
[Date "2015.07.25"]
[Round "1.12"]
[White "Haye, Robert"]
[Black "Kreutz, Ralf"]
[Result "0-1"]
[WhiteElo "1449"]
[BlackElo "1686"]
[PlyCount "122"]
[EventDate "2015.??.??"]
[WhiteTeam "Kieler SG"]
[BlackTeam "Königsjäger SW Berlin"]

1. c4 e5 2. d3 Nf6 3. Nf3 d6 4. Nc3 Be7 5. e3 c6 6. a3 Bg4 7. Be2 Nbd7 8. O-O
O-O 9. b4 d5 10. cxd5 Nxd5 11. Bb2 Bd6 12. Rc1 f5 13. Qb3 Kh8 14. Nxd5 cxd5 15.
Qxd5 Nf6 16. Qxb7 e4 17. dxe4 fxe4 18. Bxf6 Qxf6 19. Qxe4 Bf5 20. Qd4 Qh6 21.
Rfd1 Rad8 22. Ne5 Qf6 23. Nc4 Bxh2+ 24. Kxh2 Rxd4 25. Rxd4 Be6 26. Bf3 h6 27.
Rf4 Qe7 28. Rxf8+ Qxf8 29. Nd2 Qd6+ 30. Kg1 Qxd2 31. Rc6 Bd5 32. Bxd5 Qxd5 33.
Ra6 Qb7 34. Ra5 Kg8 35. f4 Qb6 36. Kf2 g5 37. fxg5 hxg5 38. Rxg5+ Kf7 39. Ra5
Qf6+ 40. Ke2 a6 41. e4 Qc6 42. Kf3 Qc2 43. g4 Qd3+ 44. Kf4 Qd2+ 45. Ke5 Qg5+
46. Kd6 Qxg4 47. e5 Qe6+ 48. Kc7 Ke7 49. Kb7 Kd8 50. Rxa6 Qd7+ 51. Kb6 Qc7+ 52.
Kb5 Qxe5+ 53. Ka4 Qd4 54. Ka5 Kc7 55. b5 Kb7 56. Rc6 Qe3 57. Kb4 Qd2+ 58. Rc3
Kb6 59. a4 Qd4+ 60. Kb3 Ka5 61. Rc4 Qd3+ {Zug 62 Kb3 laut Notation ist nach
den Schachregeln nicht möglich deshalb entfallen die letzten 13 Züge.} 0-1

[Event "Kieler Open 2015 Gruppe B"]
[Site "Kiel"]
[Date "2015.07.25"]
[Round "1.13"]
[White "Steffen, Jörn"]
[Black "Hartendauer, Frank"]
[Result "1-0"]
[WhiteElo "1682"]
[BlackElo "1413"]
[PlyCount "33"]
[EventDate "2015.??.??"]
[WhiteTeam "Flintbek"]
[BlackTeam "Kieler SG"]

1. d4 d5 2. c4 e6 3. Nc3 Nf6 4. Nf3 Be7 5. cxd5 exd5 6. h3 O-O 7. Bf4 c6 8. e3
Nbd7 9. Bd3 h6 10. O-O Re8 11. a3 a5 12. Qc2 b5 13. e4 Qb6 14. e5 Nh5 15. Bh2
Bg5 16. h4 Bd8 17. g4 1-0

[Event "Kieler Open 2015 Gruppe B"]
[Site "Kiel"]
[Date "2015.07.25"]
[Round "1.14"]
[White "Brockmann, Werner"]
[Black "Howe, Dietrich"]
[Result "1-0"]
[WhiteElo "1360"]
[BlackElo "1667"]
[PlyCount "62"]
[EventDate "2015.??.??"]
[WhiteTeam "Kieler SG"]
[BlackTeam "Kaltenkirchen"]

1. e4 c5 2. Nf3 e6 3. Bc4 Nf6 4. Nc3 a6 5. d4 cxd4 6. Nxd4 Qc7 7. Bb3 Be7 8.
Qf3 O-O 9. Bf4 d6 10. Be3 Nc6 11. h4 Ne5 12. Qe2 b5 13. f3 Bb7 14. g4 Rad8 15.
g5 Nh5 16. Rg1 g6 17. f4 Nc6 18. Bxe6 Nxd4 19. Bxf7+ Rxf7 20. Bxd4 Nxf4 21. Qh2
Qc4 22. O-O-O b4 23. b3 Qc8 24. Ne2 Nxe2+ 25. Qxe2 Rdf8 26. h5 Qe6 27. hxg6
hxg6 28. Qh2 Rh7 29. Qe2 Qxe4 30. Qc4+ d5 31. Qc7 Bxg5+ {Hier wurde Schach
geboten. Beide Spieler ignorierten dies und spielten munter weiter. Es folgten
noch etliche nun nicht mehr regelkonforme Züge. Beide Spieler einigten sich
auf 1-0} 1-0

[Event "Kieler Open 2015 Gruppe B"]
[Site "Kiel"]
[Date "2015.07.25"]
[Round "1.15"]
[White "Pöschmann, Jaro"]
[Black "Korte, Andreas"]
[Result "0-1"]
[WhiteElo "1666"]
[BlackElo "1354"]
[PlyCount "70"]
[EventDate "2015.??.??"]
[WhiteTeam "Bad Schwartau"]
[BlackTeam "Raisdorfer SG"]

1. d4 d5 2. c4 e6 3. Nc3 c6 4. e4 dxe4 5. Nxe4 Bb4+ 6. Nc3 e5 7. Be3 exd4 8.
Bxd4 Bxc3+ 9. bxc3 Nf6 10. Nf3 O-O 11. Be2 Re8 12. O-O Nbd7 13. Qc2 c5 14. Be3
b6 15. Rad1 Qc7 16. Rd2 h6 17. Rfd1 Ng4 18. Qa4 Nxe3 19. fxe3 Rxe3 20. Rxd7
Bxd7 21. Rxd7 Qb8 22. Qc2 Qe8 23. Rd2 Rd8 24. Rxd8 Qxd8 25. Kf2 Re6 26. Bd3 g5
27. Be4 Qe7 28. Bd5 Rf6 29. Qe2 Qd6 30. Kg1 Qf4 31. Qd2 Qf5 32. Qe1 g4 33. Nh4
Qc2 34. Qe8+ Kg7 35. Qe1 Qxa2 0-1

[Event "Kieler Open 2015 Gruppe B"]
[Site "Kiel"]
[Date "2015.07.25"]
[Round "1.16"]
[White "Dambrowski, Ralf"]
[Black "Zielke, Bernd"]
[Result "0-1"]
[WhiteElo "1335"]
[BlackElo "1662"]
[PlyCount "84"]
[EventDate "2015.??.??"]
[WhiteTeam "Agon NMS"]
[BlackTeam "TuS Holtenau"]

1. d4 f5 2. c4 c6 3. Nc3 Nf6 4. Bg5 d6 5. Nf3 g6 6. d5 Bg7 7. dxc6 Nxc6 8. Bxf6
Bxf6 9. Qd2 O-O 10. Nd5 Bg7 11. e3 Bd7 12. Be2 Re8 13. O-O Rc8 14. Rac1 Qa5 15.
b4 Qa3 16. b5 Ne5 17. Nxe5 Bxe5 18. Rfd1 Qb2 19. Qxb2 Bxb2 20. Rc2 Ba3 21. h3
Kg7 22. g4 e6 23. Nc3 Rc7 24. gxf5 gxf5 25. Nb1 Bc5 26. Nc3 Bb4 27. Rb1 Ba5 28.
a4 d5 29. Nd1 Rec8 30. Nb2 Kg6 31. f4 a6 32. Rbc1 axb5 33. axb5 Bxb5 34. Bd3
dxc4 35. Nxc4 b6 36. Nxa5 Rxc2 37. Rxc2 Rxc2 38. Bxc2 bxa5 39. Bb3 a4 40. Ba2
Bc6 41. Kf2 Bd5 42. Bb1 a3 0-1

[Event "Kieler Open 2015 Gruppe B"]
[Site "Kiel"]
[Date "2015.07.25"]
[Round "1.17"]
[White "Kreutz, Jonas"]
[Black "Müller, Richard"]
[Result "1-0"]
[WhiteElo "1659"]
[BlackElo "1317"]
[PlyCount "77"]
[EventDate "2015.??.??"]
[WhiteTeam "Königsjäger SW Berlin"]
[BlackTeam "Nickelhütte Aue"]

1. e4 c5 2. Nc3 Nc6 3. f4 d6 4. Bb5 g6 5. Bxc6+ bxc6 6. Nf3 Bg7 7. O-O Nf6 8.
d3 O-O 9. Qe1 Qb6 10. Rb1 Ba6 11. Na4 Qb7 12. c4 Qb4 13. Nc3 Qb7 14. Qh4 Rad8
15. f5 Qd7 16. fxg6 hxg6 17. h3 Nh7 18. Be3 e5 19. Qg3 Qe6 20. Bg5 Rb8 21. b3
Rfe8 22. Bd2 Qd7 23. Rb2 Qc7 24. Nd1 d5 25. Ne3 d4 26. Ng4 Re6 27. Ng5 Nxg5 28.
Bxg5 Rb7 29. Rbf2 Qb8 30. Nh6+ Bxh6 31. Bxh6 Rbe7 32. Bg5 Rc7 33. Bf6 Rxf6 34.
Rxf6 Qe8 35. h4 Kh7 36. h5 gxh5 37. Qg5 Qf8 38. Qxh5+ Kg8 39. Rg6+ 1-0

[Event "Kieler Open 2015 Gruppe B"]
[Site "Kiel"]
[Date "2015.07.25"]
[Round "1.18"]
[White "Kaminski, Thorsten"]
[Black "Stolzenwald, Frank"]
[Result "0-1"]
[WhiteElo "1300"]
[BlackElo "1639"]
[PlyCount "100"]
[EventDate "2015.??.??"]
[WhiteTeam "Schellhorn"]
[BlackTeam "Hamburger SK"]

1. e4 e5 2. Nf3 d6 3. Bb5+ Bd7 4. Bxd7+ Nxd7 5. Nc3 c6 6. d3 Be7 7. Be3 h6 8.
O-O a6 9. Nd2 g5 10. Nc4 b5 11. Nd2 Nb6 12. Ne2 Nf6 13. h3 Nfd7 14. Ng3 d5 15.
Nf5 h5 16. Ng7+ Kf8 17. Nf5 d4 18. Nf3 dxe3 19. fxe3 g4 20. Nh2 gxh3 21. gxh3
Bh4 22. Nf3 Bg5 23. Qe1 Rg8 24. Kh1 Nc8 25. Rg1 Bf6 26. Nh6 Rg6 27. Nf5 Ne7 28.
Qf2 Nxf5 29. exf5 Rxg1+ 30. Rxg1 Ke7 31. e4 Qb6 32. Qd2 Rh8 33. Ng5 a5 34. h4
c5 35. c4 b4 36. b3 Qd6 37. Nf3 Nb6 38. Kh2 a4 39. Kh3 a3 40. Ne1 Qd8 41. Qg2
Nc8 42. Qf3 Kd6 43. Qf2 Ne7 44. Nf3 Kc6 45. Qd2 Qd7 46. Qe2 Nxf5 47. Nxe5+ Bxe5
48. exf5 Qxf5+ 49. Kg2 Rg8+ 50. Kh1 Qh3+ 0-1

[Event "Kieler Open 2015 Gruppe B"]
[Site "Kiel"]
[Date "2015.07.25"]
[Round "1.19"]
[White "Borchert, Johann"]
[Black "Paolella, Finnley"]
[Result "0-1"]
[WhiteElo "1630"]
[BlackElo "1286"]
[PlyCount "120"]
[EventDate "2015.??.??"]
[WhiteTeam "Heikendorfer SV"]
[BlackTeam "Doppelbauer Kiel"]

1. e4 e5 2. c4 Nf6 3. d3 Nc6 4. a3 Nd4 5. Nf3 Nxf3+ 6. Qxf3 h6 7. Be2 Bc5 8.
Nd2 d6 9. h3 Be6 10. Qg3 g5 11. Nb3 Bb6 12. Bd2 Nd7 13. Bh5 Qf6 14. Be3 Bxe3
15. Qxe3 Qf4 16. Qxf4 gxf4 17. O-O-O O-O-O 18. Nd2 Rhg8 19. Bf3 Nc5 20. Kc2 Bd7
21. Rhg1 Rg7 22. b4 Ne6 23. Kc3 Rdg8 24. Bg4 Nd4 25. Bf3 Nxf3 26. Nxf3 Rxg2 27.
Rxg2 Rxg2 28. Rg1 Rxg1 29. Nxg1 Kd8 30. d4 f5 31. dxe5 dxe5 32. Nf3 fxe4 33.
Nxe5 Bxh3 34. Kd4 e3 35. fxe3 fxe3 36. Kxe3 h5 37. a4 Bc8 38. a5 h4 39. c5 h3
40. Nf3 c6 41. Kf4 Kc7 42. Ke5 Bg4 43. Nh2 Be2 44. Ke6 b6 45. Ke5 bxa5 46. bxa5
Kd7 47. Kf6 a6 48. Ke5 Ke7 49. Kf5 Kf7 50. Ke5 Kg6 51. Kd6 Bb5 52. Ke5 Kg5 53.
Ke4 Kf6 54. Ng4+ Ke6 55. Nh2 Be2 56. Ke3 Bh5 57. Ke4 Bg6+ 58. Kd4 Kf5 59. Ke3
Kf6 60. Ng4+ Kg5 0-1

[Event "Kieler Open 2015 Gruppe B"]
[Site "Kiel"]
[Date "2015.07.25"]
[Round "1.20"]
[White "Farokhi, Keyvan"]
[Black "Lange, Edgar"]
[Result "0-1"]
[WhiteElo "1283"]
[BlackElo "1599"]
[PlyCount "110"]
[EventDate "2015.??.??"]
[WhiteTeam "Doppelbauer Kiel"]
[BlackTeam "Kieler SG"]

1. e4 e5 2. Nf3 Nc6 3. Bc4 Bc5 4. c3 Nf6 5. d3 d6 6. O-O h6 7. Bb3 O-O 8. Nbd2
a6 9. Re1 Bg4 10. h3 Bh5 11. Nf1 b5 12. Ng3 Bg6 13. Nh4 Kh8 14. Nxg6+ fxg6 15.
Be3 Bb6 16. Bxb6 cxb6 17. d4 Na5 18. Be6 Qc7 19. Qd3 Rae8 20. d5 Nd7 21. Bxd7
Qxd7 22. b3 Rc8 23. Rac1 Nb7 24. Qe3 Qc7 25. c4 b4 26. Ne2 Qc5 27. Qg3 Rf6 28.
Rf1 Qc7 29. f4 Qc5+ 30. Kh1 Rcf8 31. Rf3 g5 32. fxg5 Rxf3 33. gxf3 Qe3 34. Re1
Rxf3 35. Qg4 Nc5 36. gxh6 Rxh3+ 37. Kg2 Rxh6 38. Rf1 Qxe4+ 39. Qxe4 Nxe4 40.
Rf8+ Kh7 41. Rb8 Rf6 42. Kg1 Nc3 43. Nc1 b5 44. cxb5 axb5 45. Kg2 e4 46. Re8
Rf5 47. Re7 Rxd5 48. Kf2 Rd1 49. Ne2 Rd2 50. Kf1 Rxe2 51. Rd7 d5 52. Rc7 Rxa2
53. Rf7 d4 54. Rf4 d3 55. Rh4+ Kg8 0-1

[Event "Kieler Open 2015 Gruppe B"]
[Site "Kiel"]
[Date "2015.07.25"]
[Round "1.21"]
[White "Herrmann, Sabine"]
[Black "Pick, Max"]
[Result "0-1"]
[WhiteElo "1588"]
[BlackElo "840"]
[PlyCount "74"]
[EventDate "2015.??.??"]
[WhiteTeam "SF Hamburg"]
[BlackTeam "Kerpen"]

1. e4 e6 2. d4 c5 3. d5 Nf6 4. Bg5 d6 5. Bb5+ Bd7 6. Bxd7+ Nbxd7 7. dxe6 fxe6
8. Nc3 Be7 9. Nb5 Nxe4 10. Qh5+ g6 11. Qg4 Nxg5 12. h4 Qa5+ 13. Nc3 Ne5 14. Qf4
Ngf7 15. O-O-O d5 16. Kb1 g5 17. hxg5 Bxg5 18. Qg3 Nc4 19. Ka1 Qb4 20. Rb1 Nd2
21. a3 Qc4 22. Re1 d4 23. Nd1 Qxc2 24. Rxe6+ Be7 25. Rxe7+ Kxe7 26. Qc7+ Kf8
27. Nc3 dxc3 28. Qxc5+ Kg8 29. Ne2 Nb3+ 30. Ka2 Nxc5 31. Nxc3 Ne5 32. Re1 Ned3
33. Re2 Qb3+ 34. Ka1 Nc1 35. Rd2 Ne4 36. Rd1 Nxc3 37. Rxc1 Qa2# 0-1

[Event "Kieler Open 2015 Gruppe B"]
[Site "Kiel"]
[Date "2015.07.25"]
[Round "2.1"]
[White "Plichta, Reiner"]
[Black "Arndt, Magnus"]
[Result "0-1"]
[WhiteElo "1811"]
[BlackElo "1587"]
[PlyCount "108"]
[EventDate "2015.??.??"]
[WhiteTeam "Kiel"]
[BlackTeam "Doppelbauer Kiel"]

1. d4 Nf6 2. c4 e6 3. Nf3 b6 4. g3 d6 5. Qc2 Bb7 6. Bg2 c5 7. e3 Nc6 8. b3 Be7
9. O-O O-O 10. Rd1 cxd4 11. exd4 Rc8 12. b4 a5 13. b5 Na7 14. Qe2 d5 15. Ne5
Qc7 16. Bf4 Bd6 17. Nd2 dxc4 18. Bxb7 Qxb7 19. Ndxc4 Nxb5 20. Qb2 Bxe5 21. dxe5
Rxc4 22. Qxb5 Rc5 23. Qb2 Nd5 24. Bd2 Rfc8 25. Rab1 Qc6 26. Rdc1 Rxc1+ 27. Rxc1
Qd7 28. Re1 Rc6 29. Rc1 Rxc1+ 30. Bxc1 Qc6 31. Bd2 h6 32. Qd4 Qc2 33. a4 b5 34.
axb5 Qb1+ 35. Kg2 Qxb5 36. Qg4 Kf8 37. Qh4 Ne7 38. Qd4 a4 39. Qd8+ Qe8 40. Qa5
Nd5 41. Bb4+ Nxb4 42. Qxb4+ Kg8 43. Kh3 Qa8 44. Qa3 Qa5 45. f4 Qb5 46. Qe7 Qd3
47. Qe8+ Kh7 48. Qxa4 Qf1+ 49. Kg4 Qg2 50. h3 Qe2+ 51. Kh4 Kg6 52. f5+ exf5 53.
Qc6+ Kh7 54. Qd5 g5# 0-1

[Event "Kieler Open 2015 Gruppe B"]
[Site "Kiel"]
[Date "2015.07.25"]
[Round "2.2"]
[White "Untiedt, Urs Arved"]
[Black "Salwasser, Christian"]
[Result "1-0"]
[WhiteElo "1501"]
[BlackElo "1772"]
[PlyCount "101"]
[EventDate "2015.??.??"]
[WhiteTeam "Agon NMS"]
[BlackTeam "SC Rastatt"]

1. c4 c5 2. Nf3 Nc6 3. Nc3 e6 4. d4 d5 5. Bf4 Nf6 6. e3 cxd4 7. Nxd4 Nxd4 8.
Qxd4 Be7 9. cxd5 exd5 10. Bb5+ Bd7 11. O-O h6 12. Bxd7+ Qxd7 13. Rad1 Rd8 14.
Be5 O-O 15. Bxf6 Bxf6 16. Qxd5 Qxd5 17. Rxd5 Rxd5 18. Nxd5 Bxb2 19. Rb1 Rd8 20.
e4 Be5 21. Rxb7 Rb8 22. Rxb8+ Bxb8 23. Kf1 Kf8 24. Ke2 Ke8 25. g3 Kd7 26. Kd3
Kd6 27. Nb4 a5 28. Nc2 Ba7 29. Nd4 Kd7 30. Kc4 Kc8 31. f3 Kb7 32. Nf5 Bg1 33.
h3 Bh2 34. g4 g6 35. Nxh6 f6 36. Ng8 Be5 37. Kd5 Kb6 38. g5 Bb2 39. gxf6 Kb5
40. f7 Bg7 41. e5 Kb4 42. e6 Ka3 43. e7 Kxa2 44. f8=Q Bxf8 45. exf8=Q a4 46.
Qb4 g5 47. Qxa4+ Kb2 48. Kc4 g4 49. Qb3+ Kc1 50. Kd3 gxf3 51. Qc2# 1-0

[Event "Kieler Open 2015 Gruppe B"]
[Site "Kiel"]
[Date "2015.07.25"]
[Round "2.3"]
[White "Draasch, Heiko"]
[Black "Weck, Uwe"]
[Result "0-1"]
[WhiteElo "1618"]
[BlackElo "1697"]
[PlyCount "90"]
[EventDate "2015.??.??"]
[WhiteTeam "SG Turm Kiel"]
[BlackTeam "Kaltenkirchen"]

1. f4 d5 2. b3 e6 3. Bb2 Nf6 4. e3 c5 5. Nf3 Be7 6. Ne5 Qb6 7. d3 Nbd7 8. Nxd7
Bxd7 9. Nd2 Rc8 10. Nf3 c4 11. Bd4 Qa5+ 12. Nd2 cxd3 13. Bxd3 Bc5 14. O-O Bxd4
15. exd4 Bb5 16. c4 Bc6 17. f5 Qc3 18. Nf3 dxc4 19. bxc4 exf5 20. Rc1 Bxf3 21.
Qxf3 Qxd4+ 22. Kh1 O-O 23. Qxf5 Rc5 24. Qf3 b6 25. Rcd1 Qg4 26. h3 Qxf3 27.
Rxf3 Ra5 28. Rd2 h6 29. Rdf2 Re5 30. Kh2 Ne4 31. Re2 f5 32. g4 Ng5 33. Rxf5
Rfxf5 34. gxf5 Rxe2+ 35. Bxe2 Nf7 36. Kg3 Nd6 37. Bd3 Kf7 38. Kf4 Kf6 39. h4
Nb7 40. Be4 Nc5 41. Bc2 a5 42. a4 Nd7 43. Be4 Ne5 44. Bd5 Nd3+ 45. Ke4 Nb2 0-1

[Event "Kieler Open 2015 Gruppe B"]
[Site "Kiel"]
[Date "2015.07.25"]
[Round "2.4"]
[White "Korte, Andreas"]
[Black "Sowa, Kay"]
[Result "0-1"]
[WhiteElo "1354"]
[BlackElo "1689"]
[PlyCount "56"]
[EventDate "2015.??.??"]
[WhiteTeam "Raisdorfer SG"]
[BlackTeam "Doppelbauer Kiel"]

1. c4 b6 2. Nf3 Bb7 3. Nc3 e6 4. e4 Bb4 5. d3 Bxc3+ 6. bxc3 Ne7 7. e5 O-O 8. d4
d6 9. Bd3 h6 10. g4 dxe5 11. dxe5 Nd7 12. Rg1 Bxf3 13. Qxf3 Nxe5 14. Bh7+ Kxh7
15. Qe4+ N7g6 16. Rh1 Qd3 17. Qxd3 Nxd3+ 18. Kf1 Nxc1 19. Rxc1 Ne5 20. Kg2 Nxg4
21. h3 Nf6 22. f3 Rad8 23. Kg3 Rd2 24. Rh2 Rxh2 25. Kxh2 Rd8 26. Rc2 Rd3 27.
Kg3 Ne4+ 28. Kg2 Rxc3 0-1